| 000 | 00347nam a22001337a 4500 | ||
|---|---|---|---|
| 082 |
_a388.3142 _bGUI _cD |
||
| 245 | _aTraffic Volume Counting Manual | ||
| 250 | _a3rd | ||
| 260 |
_aWashington _bThe world bank _c1970 |
||
| 300 |
_aiv, 53 p. : _bill, ; _c24 cm. |
||
| 526 |
_a0 _b0 _c0 _d388_314200000000000_GUI |
||
| 650 | _aMCE (D) | ||
| 942 |
_2ddc _cBK |
||
| 999 |
_c543052 _d543052 |
||